Highest Paid Athletes - Statistics

General Stats
  • This quiz has been taken 57 times
  • The average score is 19 of 50
Answer Stats
Rank Athlete Sport Earnings (USD) % Correct
3 Cristiano Ronaldo Association football $115 million
91%
2 LeBron James Basketball $121.2 million
91%
1 Lionel Messi Association football $130 million
91%
4 Neymar Association football $95 million
82%
5 Stephen Curry Basketball $92.8 million
80%
9 Tom Brady American football $83.9 million
80%
6 Kevin Durant Basketball $92.1 million
71%
7 Roger Federer Tennis $90.7 million
67%
14 (tie) Tiger Woods Golf $68 million
67%
17 Lewis Hamilton Auto racing $65 million
53%
10 Giannis Antetokounmpo Basketball $80.9 million
51%
35 (tie) Kylian Mbappé Association football $43 million
51%
24 Patrick Mahomes American football $49.1 million
51%
31 (tie) Serena Williams Tennis $45.3 million
49%
12 James Harden Basketball $74.4 million
47%
43 Chris Paul Basketball $39.1 million
40%
22 Klay Thompson Basketball $55 million
40%
29 (tie) Anthony Davis Basketball $45.4 million
38%
35 (tie) Conor McGregor Mixed martial arts $43 million
38%
39 Devin Booker Basketball $39.9 million
38%
46 (tie) Jake Paul Boxing $38 million
38%
40 Joel Embiid Basketball $39.7 million
38%
29 (tie) Kawhi Leonard Basketball $45.4 million
38%
26 (tie) Max Verstappen Auto racing $48 million
38%
11 Russell Westbrook Basketball $79.2 million
38%
18 Tyson Fury Boxing $62 million
38%
46 (tie) Russell Wilson American football $38 million
36%
28 Paul George Basketball $47.9 million
33%
14 (tie) Aaron Rodgers American football $68 million
31%
20 Damian Lillard Basketball $57.4 million
31%
26 (tie) Jimmy Butler Basketball $48 million
31%
16 Josh Allen American football $67 million
31%
49 Bradley Beal Basketball $37.7 million
24%
41 (tie) Dak Prescott American football $39.4 million
24%
21 Deshaun Watson American football $55.6 million
24%
23 Mike Trout Baseball $49.5 million
24%
33 Mohamed Salah Association football $45 million
22%
34 John Wall Basketball $44.8 million
20%
13 Matthew Stafford American football $72.3 million
20%
8 Canelo Álvarez Boxing $90 million
18%
25 Kirk Cousins American football $48.5 million
18%
31 (tie) Phil Mickelson Golf $45.3 million
18%
37 Rory McIlroy Golf $41.5 million
18%
50 T.J. Watt American football $37.6 million
11%
46 (tie) Kemba Walker Basketball $38 million
7%
19 Naomi Osaka Tennis $59.2 million
7%
45 Stefon Diggs American football $38.7 million
7%
41 (tie) Amari Cooper American football $39.4 million
2%
38 Marshon Lattimore American football $40.9 million
0%
44 Ryan Ramczyk American football $38.8 million
0%
No matching quizzes found
Score Distribution
Percent of People with Each Score
Percentile by Number Answered
Your Score History
You have not taken this quiz